000 00864nam a2200301Ia 4500
008 160803s9999 xx 000 0 und d
020 _a9780516244907
100 _aBredeson, Carmen
245 _aLiftoff! /
245 _cby Carmen Bredeson.
260 _aNew York :
260 _bScholastic Inc.
260 _c2003
300 _a31 pages :
300 _bcolor illustrations ;
300 _c18 cm.
440 _aRookie read-about science.
500 _aReprint: Originally published: New York : Children's Press, ©2003.
650 _aManned space flight --
650 _aRockets (Aeronautics) -- Launching --
650 _aSpace flight --
650 _aSpace shuttles --
650 _xJuvenile literature.
650 _xJuvenile literature.
650 _xJuvenile literature.
650 _xJuvenile literature.
700 _a440
999 _c299232
_d299232